000 00289nam a22001337a 4500
020 _a81-7224-784-2
041 _aENG
100 _aCheremisinof .N.P
245 _aHeat Transfer handbook
260 _aMumbai
_bJaico Pub
_c1999
300 _a240
650 _aAPE
856 _uAPE ( 10 )
999 _c1787
_d1787